Redžúr 2008 : proceedings; 2nd International Workshop on Speech and Signal Processing. Bratislava, Slovak Republic, 16.5.2008

Enregistré dans:
Détails bibliographiques
Autres auteurs: Rozinaj, Gregor, 1957- (Éditeur intellectuel), Vrabec, Ján, 1981- (Éditeur intellectuel)
Format: Livre
Langue:anglais
Publié: Bratislava : STU v Bratislave FEI, 2008
Tags: Ajouter un tag
Pas de tags, Soyez le premier à ajouter un tag!

MARC

LEADER 00000nam a22000003a 4500
001 stu171777
005 20150617230030.5
008 081008s2007------------------------eng-d
040 |a STU  |b slo 
041 0 |a eng 
100 1 |a Rozinaj, Gregor,  |d 1957-  |4 edt  |u E070  |U FEI Fakulta elektrotechniky a informatiky  |T FEI Ústav telekomunikácií  |X 1945  |U E070  |Y 818  |7 A000001945 
245 1 |a Redžúr 2008 :  |b proceedings; 2nd International Workshop on Speech and Signal Processing. Bratislava, Slovak Republic, 16.5.2008 
260 |a Bratislava :  |b STU v Bratislave FEI,  |c 2008 
700 1 |a Vrabec, Ján,  |d 1981-  |4 edt  |u E240  |U FEI Fakulta elektrotechniky a informatiky  |T FEI Katedra telekomunikácií  |X 20012  |U E240  |Y 72  |7 A000020012 
996 |b 284EO00210  |c E*O-210  |l EE0104  |s P  |a 0  |w stu171777_0001